MARC

LEADER 00000nam0a2200000 4500
001 352962
005 20231102010540.0
035 |a (RuTPU)RU\TPU\retro\9881 
035 |a RU\TPU\retro\9864 
090 |a 352962 
100 |a 20200221d1958 k y0rusy50 ca 
101 0 |a rus 
102 |a RU 
105 |a a z 000zy 
200 1 |a Диэлектрические потери на высокой частоте и энергия решетки для соединений металлов второй группы  |e [оттиск статьи]  |f А. А. Воробьев, А. П. Находнова 
210 |a Москва  |a Ленинград  |c Издательство Академии наук СССР  |d 1958 
215 |a С. 2173-2174  |c ил. 
225 1 |a Журнал технической физики  |v Т. 28, вып. 10 
316 |5 63413507: ШкМ/534  |a На обложке дарственная надпись: "НТБ ТПИ А. Воробьев 16.12.58 г." 
606 1 |a Диэлектрические потери  |2 stltpush  |3 (RuTPU)RU\TPU\subj\9811  |9 36981 
610 1 |a Коллекция ТПУ 
610 1 |a труды учёных ТПУ 
610 1 |a оттиски 
610 1 |a электроизолирующие материалы 
610 1 |a электроизоляторы керамические 
610 1 |a окислы 
610 1 |a фтористые соединения 
610 1 |a периодическая таблица 
610 1 |a дары библиотеке 
610 1 |a дарственные надписи 
675 |a 537.226  |v 4 
700 1 |a Воробьев  |b А. А.  |c российский физик  |c ректор Томского политехнического института, профессор  |f 1909-1981  |g Александр Акимович  |x TPU  |2 stltpush  |3 (RuTPU)RU\TPU\pers\12805 
701 1 |a Находнова  |b А. П. 
801 1 |a RU  |b 63413507  |c 20200221 
801 2 |a RU  |b 63413507  |c 20221024  |g RCR 
942 |c BK